Desde el amanecer

Guardat en:
Dades bibliogràfiques
Autor principal: Chacel, Rosa (Autor)
Format: Llibre
Idioma:espanyol
Publicat: Barcelona Seix Barral 1985
Col·lecció:Literatura Contemporánea, 55
Matèries:
Etiquetes: Afegir etiqueta
Sense etiquetes, Sigues el primer a etiquetar aquest registre!

MARC

LEADER 00000nam a2200000 a 4500
001 UCQ7973
003 CL-VaPUC
008 981121e19850000SP |||||||||||||||||spa|d
082 0 4 |a 863  |b CHA  |2 21 
100 0 |a Chacel, Rosa  |e author  |9 421799 
245 1 0 |a Desde el amanecer 
300 |a 318 p 
942 |c BK 
945 |d 19981121 00:00:00  |a crobeson 
260 |a Barcelona  |b Seix Barral  |c 1985 
650 0 |a Literatura española  |9 306261 
650 0 |a Novelas españolas  |9 265052 
583 |a last modification  |c 19981121 00:00:00  |k Rodrigo Vera 
490 0 |a Literatura Contemporánea, 55 
999 |c 277346  |d 277344 
952 |0 0  |1 0  |4 0  |6 863_000000000000000_CHA_1985  |7 0  |8 A  |9 315238  |a FDOPOS  |b FDOPOS  |d 2019-11-20  |i 1495577  |o 863 CHA 1985  |p 1495577  |r 2025-01-22  |w 2019-11-20  |y BK  |k MLH